[Event "PRO League Group Stage"]
[Site "chess.com INT"]
[Date "2019.02.13"]
[Round "6"]
[White "Theodorou, Nikolas"]
[Black "Checa, Nicolas"]
[Result "1-0"]
[WhiteTitle "IM"]
[BlackTitle "IM"]
[WhiteElo "2552"]
[BlackElo "2508"]
[WhiteTeam "Saint Louis Arch Bishops"]
[BlackTeam "Montclair Sopranos"]
[WhiteFideId "4262875"]
[BlackFideId "2069342"]
[EventDate "2019.01.08"]

1. d4 d5 2. c4 c6 3. Nf3 Nf6 4. g3 a6 5. Bg2 Bf5 6. O-O e6 7. Nc3 h6 8. Nd2 Nbd7
9. e4 dxe4 10. Ndxe4 Be7 11. h3 O-O 12. Be3 Nxe4 13. Nxe4 Nf6 14. Nc3 Qc7 15.
Qb3 Rfd8 16. Rfd1 Bg6 17. d5 Nd7 18. dxe6 fxe6 19. Na4 Rab8 20. c5 Bf7 21. Qc2
Nf6 22. Nb6 Nd5 23. Nxd5 cxd5 24. Rac1 e5 25. b4 Kh8 26. a4 Bf6 27. b5 axb5 28.
axb5 Rbc8 29. Qf5 Qe7 30. c6 bxc6 31. bxc6 Be6 32. Qc2 e4 33. Bf4 Qa3 34. c7 Re8
35. Qc6 Bf7 36. Rb1 Qe7 37. Rb8 Be5 38. Bxe5 Qxe5 39. Rxc8 Rxc8 40. Rc1 Be6 41.
Qc5 Bg8 42. Bf1 Qf6 43. Qc6 Be6 44. Qb6 Rf8 45. Ba6 d4 46. Rc2 e3 47. fxe3 dxe3
48. c8=Q Bxc8 49. Qxf6 Rxf6 50. Rxc8+ Kh7 51. Bd3+ g6 52. Rc7+ Kg8 53. Rc2 Kg7
54. Re2 Re6 55. Kg2 h5 56. h4 Kh6 57. Kf3 Rf6+ 58. Kxe3 Re6+ 59. Kf4 Rd6 60. Be4
Rf6+ 61. Ke5 Ra6 62. Rd2 Ra5+ 63. Rd5 1-0

[Event "PRO League Group Stage"]
[Site "chess.com INT"]
[Date "2019.02.13"]
[Round "6"]
[White "Bloomer, Josh"]
[Black "Rohde, Michael"]
[Result "1/2-1/2"]
[BlackTitle "GM"]
[WhiteElo "1950"]
[BlackElo "2358"]
[WhiteTeam "Saint Louis Arch Bishops"]
[BlackTeam "Montclair Sopranos"]
[WhiteFideId "2020416"]
[BlackFideId "2000172"]
[EventDate "2019.01.08"]

1. e4 c5 2. Nf3 e6 3. d4 cxd4 4. Nxd4 Nc6 5. Nc3 Qc7 6. Be3 Nf6 7. Qf3 a6 8.
O-O-O Bb4 9. Nxc6 bxc6 10. Bd4 Be7 11. e5 Nd5 12. Ne4 O-O 13. Nf6+ Nxf6 14. exf6
Bxf6 15. Bxf6 gxf6 16. Qxf6 Qd8 17. Qh6 f5 18. Bd3 Qf6 19. Qh5 e5 20. f3 d5 21.
g4 Ra7 22. Rhg1 Rg7 23. gxf5 Bxf5 24. Bxf5 Qxf5 25. Rxg7+ Kxg7 26. Rg1+ Kh8 27.
Qxf5 Rxf5 28. Rg3 h5 29. Kd2 Kh7 30. Ke3 Kh6 31. Rg8 Rg5 32. Rc8 Rg6 33. Re8 h4
34. Rxe5 h3 35. Kf4 a5 36. Kf5 Rg5+ 37. Kf4 Rg6 38. Re8 Kg7 39. Re7+ Kg8 40. Rc7
a4 41. Kf5 Rg2 42. Rxc6 Rxh2 43. Kg4 d4 44. Kg3 Rd2 45. Kxh3 d3 46. cxd3 Rxb2
47. Kg4 Rxa2 48. Ra6 Rd2 49. Rxa4 Rxd3 50. Ra7 Rd6 51. f4 Kf8 52. Kf5 Rb6 53.
Kg5 Rc6 54. f5 Rb6 55. Rc7 Ra6 56. Rh7 Rb6 57. Rd7 Ra6 58. Rb7 Rc6 59. f6 1/2-1/2

[Event "PRO League Group Stage"]
[Site "chess.com INT"]
[Date "2019.02.13"]
[Round "6"]
[White "Durarbayli, Vasif"]
[Black "Moranda, Wojciech"]
[Result "1-0"]
[WhiteTitle "GM"]
[BlackTitle "GM"]
[WhiteElo "2620"]
[BlackElo "2593"]
[WhiteTeam "Webster Windmills"]
[BlackTeam "New York Marshalls"]
[WhiteFideId "13402935"]
[BlackFideId "1122401"]
[EventDate "2019.01.08"]

1. d4 Nf6 2. c4 e6 3. Nc3 Bb4 4. Nf3 b6 5. Bg5 h6 6. Bh4 g5 7. Bg3 Ne4 8. Qc2
Bb7 9. Nd2 Bxc3 10. bxc3 Nxg3 11. hxg3 d6 12. e3 Nd7 13. Rh2 c5 14. Bd3 Nf6 15.
Ne4 Bxe4 16. Bxe4 Rc8 17. d5 exd5 18. cxd5 Kf8 19. Bf5 Rc7 20. c4 Re7 21. Ke2 b5
22. cxb5 Nxd5 23. Rah1 Qa5 24. Rxh6 Rxh6 25. Rxh6 Qxb5+ 26. Kf3 Qf1 27. e4 Nb4
28. Qd2 Qd3+ 29. Qxd3 Nxd3 30. Rxd6 Ne5+ 31. Ke2 Rb7 32. Rd2 Ke7 33. Rc2 Kd6 34.
f4 gxf4 35. gxf4 Nc6 36. e5+ Kd5 37. Ke3 Rb4 38. g4 Ra4 39. Rd2+ Nd4 40. Be4+
Kc4 41. f5 Ra3+ 42. Kf4 Rh3 43. Rg2 Kc3 44. Rg3+ Rxg3 45. Kxg3 Kd2 46. e6 fxe6
47. f6 e5 48. Bf5 1-0

[Event "PRO League Group Stage"]
[Site "chess.com INT"]
[Date "2019.02.13"]
[Round "6"]
[White "Robson, Ray"]
[Black "Azarov, Sergei"]
[Result "1/2-1/2"]
[WhiteTitle "GM"]
[BlackTitle "GM"]
[WhiteElo "2667"]
[BlackElo "2575"]
[WhiteTeam "Webster Windmills"]
[BlackTeam "New York Marshalls"]
[WhiteFideId "2023970"]
[BlackFideId "13501470"]
[EventDate "2019.01.08"]

1. e4 e5 2. Nf3 Nc6 3. Bb5 a6 4. Ba4 Nf6 5. O-O Be7 6. Re1 b5 7. Bb3 d6 8. c3
O-O 9. h3 h6 10. d4 Re8 11. Nbd2 Bf8 12. Nf1 Bb7 13. Ng3 Na5 14. Bc2 Nc4 15. a4
d5 16. Nxe5 dxe4 17. Nxc4 bxc4 18. Bf4 Bd6 19. Qd2 Bd5 20. Nf5 Bxf4 21. Qxf4 Nh5
22. Qg4 Qg5 23. Qxg5 hxg5 24. f3 Nf6 25. fxe4 Bxe4 26. Bxe4 Nxe4 27. Ne3 Nd6 28.
Nd5 Rab8 29. Nxc7 Rxe1+ 30. Rxe1 Rxb2 31. Nxa6 Nf5 32. Re5 g6 33. Nc5 Ra2 34. d5
Kg7 35. Re4 Nd6 36. Re7 Kf6 37. Re1 Ra3 38. Re3 Kg7 39. Kf1 Nf5 40. Rf3 Ra1+ 41.
Kf2 Ra2+ 42. Kg1 Nd6 43. Re3 Nf5 44. Re4 Nd6 45. Re3 Nf5 46. Re4 Nd6 47. Re3 1/2-1/2

[Event "PRO League Group Stage"]
[Site "chess.com INT"]
[Date "2019.02.13"]
[Round "6"]
[White "Khamrakulov, Djurabek"]
[Black "Grabinsky, Joshua"]
[Result "1-0"]
[WhiteTitle "GM"]
[BlackTitle "CM"]
[WhiteElo "2503"]
[BlackElo "2078"]
[WhiteTeam "New York Marshalls"]
[BlackTeam "Webster Windmills"]
[WhiteFideId "14201143"]
[BlackFideId "30919754"]
[EventDate "2019.01.08"]

1. e4 e6 2. d4 d5 3. Nd2 dxe4 4. Nxe4 Nd7 5. Nf3 Ngf6 6. Nxf6+ Nxf6 7. Bd3 Be7
8. Be3 Nd5 9. O-O Nxe3 10. fxe3 O-O 11. Ne5 g6 12. Qf3 f5 13. Bc4 Bf6 14. Rad1
Qe7 15. Nd3 Rb8 16. c3 b6 17. Nf4 Kg7 18. e4 e5 19. Nd5 Qd6 20. Nxf6 Qxf6 21.
exf5 Bxf5 22. Qg3 Rbe8 23. Bd3 e4 24. Be2 Qd6 25. Qe3 a5 26. Rf4 Be6 27. Rxe4
Qd7 28. d5 Bf5 29. Rxe8 Rxe8 30. Qd4+ Kg8 31. Bf3 Qd6 32. c4 Bc2 33. Rc1 Bf5 34.
c5 bxc5 35. Rxc5 Re1+ 36. Kf2 Rb1 37. Rxa5 Qxh2 38. Ra8+ Kf7 39. Qb4 Qd6 40.
Qxd6 Rxb2+ 41. Ke3 cxd6 42. a4 Rb3+ 43. Kd4 Kf6 44. a5 Ra3 45. a6 h5 46. Be2
Ra4+ 47. Kc3 Be4 48. Bc4 Bxg2 49. Rd8 Ke5 50. Re8+ Kf4 51. Re6 g5 52. Rxd6 h4
53. Rf6+ Kg3 54. d6 Bc6 55. Rf5 g4 56. Rc5 Bd7 57. Rc7 Bf5 58. Rf7 Bc8 59. Bb5
Ra5 60. Kb4 Ra1 61. Rf8 Rb1+ 62. Kc5 Bxa6 63. Bxa6 Rc1+ 64. Bc4 h3 65. d7 h2 66.
Rh8 Rd1 67. Bd5 Rc1+ 68. Kd6 h1=Q 69. Rxh1 Rxh1 70. Bxh1 Kh2 71. Bd5 g3 72. d8=Q
g2 73. Qh4+ Kg1 74. Qg3 Kf1 75. Qxg2+ Ke1 76. Bc4 Kd1 77. Bd3 Kc1 78. Qc2# 1-0

[Event "PRO League Group Stage"]
[Site "chess.com INT"]
[Date "2019.02.13"]
[Round "6"]
[White "Xu, Grant"]
[Black "Shimanov, Aleksandr"]
[Result "0-1"]
[BlackTitle "GM"]
[WhiteElo "2207"]
[BlackElo "2610"]
[WhiteTeam "New York Marshalls"]
[BlackTeam "Webster Windmills"]
[WhiteFideId "2052318"]
[BlackFideId "4198603"]
[EventDate "2019.01.08"]

1. e4 c6 2. d4 d5 3. Nd2 dxe4 4. Nxe4 Nf6 5. Nxf6+ exf6 6. Nf3 Bd6 7. Bd3 O-O 8.
O-O Qc7 9. h3 Rd8 10. Qe2 Nd7 11. c4 Nf8 12. Rd1 Be6 13. b3 Ng6 14. Bc2 Re8 15.
Qd3 Rad8 16. Nh4 Bh2+ 17. Kh1 Be5 18. Nxg6 hxg6 19. Be3 f5 20. Qc3 Bf6 21. b4 f4
22. Bc1 c5 23. bxc5 Qxc5 24. dxc5 Rxd1+ 25. Bxd1 Bxc3 26. Rb1 Bf5 27. Rb3 Re1+
28. Kh2 Bd4 29. Bxf4 Rxd1 30. Rxb7 Bxc5 31. f3 Rd4 32. Be3 Bd6+ 33. Kg1 Rxc4 34.
Rxa7 Bg3 35. Rd7 Bxd7 0-1

[Event "PRO League Group Stage"]
[Site "chess.com INT"]
[Date "2019.02.13"]
[Round "6"]
[White "Postny, Evgeny"]
[Black "Iturrizaga Bonelli, Eduardo"]
[Result "0-1"]
[WhiteTitle "GM"]
[BlackTitle "GM"]
[WhiteElo "2623"]
[BlackElo "2637"]
[WhiteTeam "Pittsburgh Pawngrabbers"]
[BlackTeam "Miami Champions"]
[WhiteFideId "2804344"]
[BlackFideId "3901211"]
[EventDate "2019.01.08"]

1. d4 Nf6 2. c4 e6 3. Nf3 b6 4. g3 Bb7 5. Bg2 Bb4+ 6. Bd2 a5 7. O-O O-O 8. Nc3
Re8 9. Qc2 d6 10. Rfe1 Bxc3 11. Bxc3 Be4 12. Qd2 Nbd7 13. Rad1 Qc8 14. Bf1 Bb7
15. Qc2 Be4 16. Qc1 Bb7 17. Nd2 c5 18. e4 cxd4 19. Bxd4 e5 20. Bc3 Nc5 21. f3
Nfd7 22. Nb1 f5 23. exf5 Bxf3 24. Be2 Bb7 25. Qe3 Qc6 26. Rd5 b5 27. b3 Qb6 28.
Bf3 b4 29. Bb2 Nf6 30. Rdd1 Bxf3 31. Qxf3 Nd3+ 32. Qe3 Qxe3+ 33. Rxe3 Nxb2 34.
Rd2 Nxc4 35. bxc4 Rac8 36. Rxd6 Rxc4 37. Nd2 Rc2 38. a3 Ng4 39. Re4 bxa3 40.
Rxg4 a2 41. Nb3 Rb8 42. Rd7 a1=Q+ 0-1

[Event "PRO League Group Stage"]
[Site "chess.com INT"]
[Date "2019.02.13"]
[Round "6"]
[White "Erenburg, Sergey"]
[Black "Gao, Rui"]
[Result "1-0"]
[WhiteTitle "GM"]
[BlackTitle "GM"]
[WhiteElo "2589"]
[BlackElo "2543"]
[WhiteTeam "Pittsburgh Pawngrabbers"]
[BlackTeam "Miami Champions"]
[WhiteFideId "2805642"]
[BlackFideId "8602387"]
[EventDate "2019.01.08"]

1. e4 c5 2. Nf3 d6 3. Bb5+ Nd7 4. c3 Nf6 5. Qe2 a6 6. Ba4 b5 7. Bc2 Bb7 8. d4 e5
9. O-O Be7 10. Rd1 Qc7 11. dxe5 dxe5 12. a4 b4 13. a5 O-O 14. Nbd2 Rfe8 15. Nc4
Bf8 16. Bg5 h6 17. Bh4 bxc3 18. bxc3 Bc6 19. Bxf6 Nxf6 20. Nb6 Rad8 21. Bd3 Rxd3
22. Qxd3 Bxe4 23. Qxa6 Bxf3 24. gxf3 Qc6 25. Qc4 e4 26. Re1 Re5 27. a6 Rg5+ 28.
Kh1 Qd6 29. Rxe4 Nxe4 30. Qxe4 Qd2 31. a7 Qxf2 32. f4 Rh5 33. Qg2 Qxf4 34. a8=Q 1-0

[Event "PRO League Group Stage"]
[Site "chess.com INT"]
[Date "2019.02.13"]
[Round "6"]
[White "Wang, Tianqi"]
[Black "Brattain, Mika"]
[Result "1-0"]
[WhiteElo "2329"]
[BlackElo "2411"]
[WhiteTeam "Miami Champions"]
[BlackTeam "Pittsburgh Pawngrabbers"]
[WhiteFideId "2063824"]
[BlackFideId "2071142"]
[EventDate "2019.01.08"]

1. Nf3 Nf6 2. c4 g6 3. b3 Bg7 4. Bb2 d6 5. d4 O-O 6. e3 e5 7. dxe5 Nfd7 8. Nbd2
dxe5 9. Qc1 b6 10. Be2 Bb7 11. O-O e4 12. Nd4 Nc5 13. Bc3 Nbd7 14. Rd1 Ne5 15.
Qc2 Ncd3 16. f4 exf3 17. N2xf3 c5 18. Nxe5 Nxe5 19. Ne6 Qe7 20. Nxf8 Qg5 21. e4
Qe3+ 22. Kh1 Rxf8 23. Rac1 Bxe4 24. Qd2 Qf2 25. Bf1 Qh4 26. Qe1 Qf4 27. Bd2 Qf5
28. Be3 Ng4 29. Rd2 Qh5 30. Bf4 Nxh2 31. Kg1 Re8 32. Bxh2 Bd4+ 33. Rxd4 cxd4 34.
Qf2 d3 35. Bf4 Qg4 36. Bd2 h5 37. Bc3 Qg5 38. Re1 f5 39. Bxd3 1-0

[Event "PRO League Group Stage"]
[Site "chess.com INT"]
[Date "2019.02.13"]
[Round "6"]
[White "Gulamali, Kazim"]
[Black "Song, Edward"]
[Result "0-1"]
[WhiteTitle "FM"]
[BlackTitle "FM"]
[WhiteElo "2308"]
[BlackElo "2355"]
[WhiteTeam "Miami Champions"]
[BlackTeam "Pittsburgh Pawngrabbers"]
[WhiteFideId "2024764"]
[BlackFideId "2051192"]
[EventDate "2019.01.08"]

1. e4 c5 2. Nf3 d6 3. d4 cxd4 4. Nxd4 Nf6 5. Nc3 a6 6. Be3 e6 7. Be2 Be7 8. O-O
O-O 9. a4 Nc6 10. f4 Qc7 11. Kh1 Nxd4 12. Qxd4 Bd7 13. e5 Ne8 14. Ne4 Bc6 15.
Bf3 Rd8 16. a5 dxe5 17. Qxe5 Qxe5 18. fxe5 f5 19. Nc5 Bxf3 20. Rxf3 Bxc5 21.
Bxc5 Rf7 22. Bb6 Rd5 23. Re1 Rfd7 24. Kg1 g5 25. Rc3 Kf7 26. Rc8 h6 27. Kf2 Rd2+
28. Re2 Rd1 29. c4 f4 30. g4 Rc1 31. Rb8 Rxc4 32. h4 gxh4 33. Kg2 Ng7 34. Rh8
Kg6 35. Rf2 Rd3 36. Rf8 Rg3+ 37. Kh2 Rxg4 38. Rf6+ Kh5 39. Bd8 Re4 40. Rf8 Rxe5
41. R8xf4 Rxf4 42. Rxf4 Nf5 43. Rb4 Rb5 44. Rxb5 axb5 0-1

[Event "PRO League Group Stage"]
[Site "chess.com INT"]
[Date "2019.02.13"]
[Round "6"]
[White "Grabinsky, Joshua"]
[Black "Xu, Grant"]
[Result "0-1"]
[WhiteTitle "CM"]
[WhiteElo "2078"]
[BlackElo "2207"]
[WhiteTeam "Webster Windmills"]
[BlackTeam "New York Marshalls"]
[WhiteFideId "30919754"]
[BlackFideId "2052318"]
[EventDate "2019.01.08"]

1. e4 d6 2. d4 Nf6 3. Nc3 Nbd7 4. Nf3 e5 5. Be2 Be7 6. h3 O-O 7. O-O a6 8. a4 b6
9. Be3 Bb7 10. d5 c6 11. dxc6 Bxc6 12. Nd2 Nc5 13. f3 Nh5 14. b4 Ne6 15. Nc4 b5
16. axb5 axb5 17. Rxa8 Qxa8 18. Nb6 Qb7 19. Nbd5 Nhf4 20. Nxe7+ Qxe7 21. Nd5
Bxd5 22. exd5 Qg5 23. Rf2 Nxh3+ 24. Kf1 Nxf2 25. Bxg5 Nxd1 26. dxe6 Nc3 27. Be7
Re8 28. exf7+ Kxf7 29. Bxd6 Nxe2 30. Kxe2 Ke6 31. Bc5 Kd5 32. Kd3 e4+ 33. Ke3
exf3+ 34. Kxf3 Kc4 35. g4 Kc3 36. Kf4 Kxc2 37. Kf5 Kc3 38. g5 Kc4 39. Bd6 Kd5
40. Bc5 Re1 41. Kg4 g6 42. Kf3 Re5 43. Kf4 Rf5+ 44. Kg4 Ke4 45. Be7 Rf1 46. Bc5
Kd5 47. Kg3 Kc4 48. Kg4 Rb1 49. Kf4 Rxb4 50. Bxb4 Kxb4 51. Ke5 Kc5 52. Kf6 b4
53. Kg7 b3 54. Kxh7 b2 55. Kxg6 b1=Q+ 56. Kg7 Qb2+ 57. Kh7 Qb7+ 58. Kh8 Qc8+ 59.
Kg7 Qd7+ 60. Kh6 Qh3+ 61. Kg7 Kd6 62. g6 Ke6 63. Kg8 Kf6 64. g7 Qg4 65. Kf8
Qxg7+ 66. Ke8 Qe7# 0-1

[Event "PRO League Group Stage"]
[Site "chess.com INT"]
[Date "2019.02.13"]
[Round "6"]
[White "Shimanov, Aleksandr"]
[Black "Khamrakulov, Djurabek"]
[Result "0-1"]
[WhiteTitle "GM"]
[BlackTitle "GM"]
[WhiteElo "2610"]
[BlackElo "2503"]
[WhiteTeam "Webster Windmills"]
[BlackTeam "New York Marshalls"]
[WhiteFideId "4198603"]
[BlackFideId "14201143"]
[EventDate "2019.01.08"]

1. c4 e5 2. g3 Nf6 3. Bg2 d5 4. cxd5 Nxd5 5. Nc3 Nb6 6. Nf3 Nc6 7. O-O Be7 8. a3
g5 9. d3 h5 10. b4 g4 11. Nd2 h4 12. b5 Nd4 13. e3 hxg3 14. fxg3 Ne6 15. Nc4
Nxc4 16. dxc4 Qxd1 17. Rxd1 f5 18. Bb2 Bd6 19. Nd5 Rh6 20. Bc3 e4 21. Bb4 Be5
22. Rac1 Bd7 23. Ne7 Ng7 24. Rd5 Bd6 25. Ng8 Rg6 26. c5 Bf8 27. c6 bxc6 28. bxc6
Be6 29. Re5 Bxb4 30. axb4 Kf7 31. Rb5 Kxg8 32. Rb7 Ne8 33. Ra1 Bc8 34. Rbxa7
Rxa7 35. Rxa7 Rxc6 36. Ra8 Nd6 37. Bf1 Kf7 38. b5 Rb6 39. Ra7 Rb7 40. Ra8 Bd7
41. Ra5 Bxb5 0-1

[Event "PRO League Group Stage"]
[Site "chess.com INT"]
[Date "2019.02.13"]
[Round "6"]
[White "Azarov, Sergei"]
[Black "Durarbayli, Vasif"]
[Result "1-0"]
[WhiteTitle "GM"]
[BlackTitle "GM"]
[WhiteElo "2575"]
[BlackElo "2620"]
[WhiteTeam "New York Marshalls"]
[BlackTeam "Webster Windmills"]
[WhiteFideId "13501470"]
[BlackFideId "13402935"]
[EventDate "2019.01.08"]

1. e4 e6 2. d4 d5 3. Nd2 c5 4. Ngf3 cxd4 5. Nxd4 Nc6 6. Bb5 Bd7 7. Nxc6 bxc6 8.
Bd3 Qc7 9. Qe2 Ne7 10. O-O Ng6 11. Nf3 Bd6 12. Re1 O-O 13. e5 Be7 14. c4 c5 15.
h4 Rfd8 16. Ng5 dxc4 17. Bxc4 Be8 18. h5 Nf8 19. h6 g6 20. Qf3 Rab8 21. b3 Rd4
22. Be3 Qxe5 23. Bxd4 Qxd4 24. Rad1 Qh4 25. Ne4 Rb6 26. Qc3 Bc6 27. Qg7# 1-0

[Event "PRO League Group Stage"]
[Site "chess.com INT"]
[Date "2019.02.13"]
[Round "6"]
[White "Moranda, Wojciech"]
[Black "Robson, Ray"]
[Result "1/2-1/2"]
[WhiteTitle "GM"]
[BlackTitle "GM"]
[WhiteElo "2593"]
[BlackElo "2667"]
[WhiteTeam "New York Marshalls"]
[BlackTeam "Webster Windmills"]
[WhiteFideId "1122401"]
[BlackFideId "2023970"]
[EventDate "2019.01.08"]

1. d4 d5 2. c4 c6 3. Nc3 Nf6 4. Nf3 e6 5. e3 Nbd7 6. Bd3 dxc4 7. Bxc4 b5 8. Bd3
Bb7 9. O-O a6 10. e4 c5 11. d5 Qc7 12. dxe6 fxe6 13. Bc2 Bd6 14. Ng5 Nf8 15. f4
h6 16. e5 hxg5 17. Qxd6 Qxd6 18. exd6 g4 19. f5 e5 20. Re1 N8d7 21. Bf4 O-O-O
22. Bg3 Nh5 23. Bxe5 Rhe8 24. Bg3 Nxg3 25. hxg3 Nf6 26. Re6 Rxe6 27. fxe6 Rxd6
28. e7 Rd2 29. Be4 Bxe4 30. Nxe4 Re2 31. Nxc5 a5 32. Rc1 Rxe7 33. Nb3+ Kd7 34.
Rc5 Re1+ 35. Kf2 Rb1 36. Rc2 a4 37. Nd4 b4 38. Ke3 Nh5 39. Rd2 Kc7 40. Ne2 Kc6
41. Rc2+ Kb6 42. Nd4 Nxg3 43. Kf4 Nh5+ 44. Kxg4 Nf6+ 45. Kf5 Nd5 46. Re2 a3 47.
bxa3 bxa3 48. Ke5 Nb4 49. Re3 Nxa2 50. Rxa3 Nb4 51. Rb3 Rxb3 52. Nxb3 Kc7 53.
Nd4 Kd7 54. Ne6 Nc6+ 55. Kd5 Ne7+ 56. Ke5 Ng6+ 57. Kd5 Ne7+ 58. Ke5 Ng6+ 59. Kd5
Ne7+ 60. Ke5 Ng6+ 1/2-1/2

[Event "PRO League Group Stage"]
[Site "chess.com INT"]
[Date "2019.02.13"]
[Round "6"]
[White "Beerdsen, Thomas"]
[Black "Holt, Conrad"]
[Result "0-1"]
[WhiteTitle "IM"]
[BlackTitle "GM"]
[WhiteElo "2484"]
[BlackElo "2548"]
[WhiteTeam "Minnesota Blizzard"]
[BlackTeam "Dallas Destiny"]
[WhiteFideId "1030108"]
[BlackFideId "2034387"]
[EventDate "2019.01.08"]

1. e4 e6 2. d4 d5 3. Bd3 dxe4 4. Bxe4 Nf6 5. Bf3 c5 6. Ne2 Nc6 7. Be3 cxd4 8.
Nxd4 Ne5 9. Nc3 Be7 10. Qe2 O-O 11. O-O-O Qa5 12. Kb1 Nxf3 13. Qxf3 e5 14. Nf5
Bxf5 15. Qxf5 Rac8 16. Rd3 Rc4 17. Bd2 Qc5 18. Be3 Qa5 19. Bd2 g6 20. Qh3 Qb6
21. Bg5 Ba3 22. b3 Rxc3 23. Rxc3 Ne4 24. Bc1 Bxc1 25. Rxc1 Nxc3+ 26. Qxc3 Qxf2
27. Qxe5 Qxg2 28. a4 Rc8 29. h4 h5 30. Qd4 a6 31. Qd7 Qc6 32. Qd3 Qc3 33. Qe4 b5
34. axb5 axb5 35. Rf1 Qc6 36. Qd3 Ra8 37. Qd4 Qa6 38. Qb2 Qa5 39. Rd1 Rd8 40.
Rf1 Ra8 41. Rd1 Re8 42. b4 Qc7 43. Qd4 Rc8 44. Rd2 Qe7 45. Kb2 Rc4 46. Qd8+ Qxd8
47. Rxd8+ Kg7 48. Kb3 Rxh4 49. Rb8 Rh3+ 50. c3 h4 51. Rxb5 Rg3 52. Ra5 h3 53.
Ra1 g5 54. b5 Re3 55. Kb4 g4 56. b6 Re7 57. c4 h2 58. c5 g3 59. c6 g2 60. c7
g1=Q 61. c8=Q Qxb6+ 0-1

[Event "PRO League Group Stage"]
[Site "chess.com INT"]
[Date "2019.02.13"]
[Round "6"]
[White "Wheeler, Cameron"]
[Black "Tang, Andrew"]
[Result "1/2-1/2"]
[WhiteTitle "IM"]
[BlackTitle "GM"]
[WhiteElo "2417"]
[BlackElo "2487"]
[WhiteTeam "Dallas Destiny"]
[BlackTeam "Minnesota Blizzard"]
[WhiteFideId "2060531"]
[BlackFideId "2059630"]
[EventDate "2019.01.08"]

1. Nf3 d5 2. g3 Nf6 3. Bg2 e6 4. O-O Be7 5. d4 O-O 6. c4 dxc4 7. Qc2 a6 8. a4
Bd7 9. Rd1 Bc6 10. Nc3 Bxf3 11. Bxf3 Nc6 12. Bxc6 bxc6 13. Bg5 Nd5 14. Bxe7 Qxe7
15. Ne4 Qb4 16. Rdc1 Rfb8 17. Ra2 Qe7 18. Qxc4 a5 19. e3 Rb6 20. Nc5 Nb4 21. Ra3
h6 22. Nd3 Nxd3 23. Rxd3 Rxb2 24. Qxc6 Rab8 25. Rdc3 Ra2 26. Qf3 Rbb2 27. Qa8+
Qf8 28. Qe4 Rxf2 29. Rxc7 Rg2+ 30. Qxg2 Rxg2+ 31. Kxg2 Qa3 32. Rf1 f6 33. Kf3
Qxa4 34. Rb1 Qe8 35. Rbb7 Qh5+ 36. Kg2 Qe2+ 37. Kh3 Qh5+ 38. Kg2 Qe2+ 39. Kh3
Qh5+ 40. Kg2 Qe2+ 41. Kh3 Qh5+ 42. Kg2 Qe2+ 43. Kh3 Qh5+ 44. Kg2 1/2-1/2

[Event "PRO League Group Stage"]
[Site "chess.com INT"]
[Date "2019.02.13"]
[Round "6"]
[White "Zhu, Jiner"]
[Black "Corrales Jimenez, Fidel"]
[Result "0-1"]
[WhiteTitle "WIM"]
[BlackTitle "GM"]
[WhiteElo "2424"]
[BlackElo "2559"]
[WhiteTeam "Dallas Destiny"]
[BlackTeam "Minnesota Blizzard"]
[WhiteFideId "8608059"]
[BlackFideId "3506690"]
[EventDate "2019.01.08"]

1. e4 c5 2. Nf3 d6 3. d4 cxd4 4. Nxd4 Nf6 5. Nc3 Nc6 6. Bg5 e6 7. Qd2 a6 8.
O-O-O Bd7 9. f3 b5 10. Nxc6 Bxc6 11. Bd3 Be7 12. h4 h6 13. Be3 Nd7 14. Ne2 Ne5
15. Nd4 Bd7 16. Kb1 Bxh4 17. g4 Be7 18. Qg2 g5 19. Be2 Rc8 20. f4 gxf4 21. Bxf4
Bg5 22. Qg3 Rg8 23. Rh5 Qf6 24. Rf1 Qg6 25. Bxe5 dxe5 26. Qxe5 Qg7 27. Nf3 Qxe5
28. Nxe5 Rg7 29. Nxd7 Kxd7 30. Rh3 Kd6 31. a4 bxa4 32. Bxa6 Rb8 33. Rhf3 Rb4 34.
Bd3 f6 35. c3 Rb6 36. Ka2 Ke5 37. Bc2 Rgb7 38. Rb1 Rd7 39. Bxa4 Ra7 40. b3 Kxe4
41. Rf2 f5 42. Re1+ Be3 43. gxf5 exf5 44. c4 f4 45. Rfe2 Kd3 46. Rh2 f3 47. Rd1+
Kc3 48. Rh3 Rf6 49. Rf1 Raf7 50. Be8 Rf8 51. Bh5 Ra6+ 52. Kb1 Rfa8 0-1

[Event "PRO League Group Stage"]
[Site "chess.com INT"]
[Date "2019.02.13"]
[Round "6"]
[White "Kiewra, Keaton"]
[Black "Shankland, Samuel"]
[Result "0-1"]
[WhiteTitle "IM"]
[BlackTitle "GM"]
[WhiteElo "2362"]
[BlackElo "2725"]
[WhiteTeam "San Diego Surfers"]
[BlackTeam "San Francisco Mechanics"]
[WhiteFideId "2019280"]
[BlackFideId "2004887"]
[EventDate "2019.01.08"]

1. d4 Nf6 2. Nc3 d5 3. Bf4 e6 4. Nb5 Bb4+ 5. c3 Ba5 6. a4 a6 7. b4 Nc6 8. bxa5
axb5 9. axb5 Nxa5 10. e3 Bd7 11. Nf3 Ne4 12. Qc2 Nc4 13. Rxa8 Qxa8 14. Qc1 Qa2
15. Be2 Bxb5 16. Bxc7 O-O 17. Bg3 Rc8 18. Bd3 Nxe3 19. c4 Rxc4 20. Bxc4 Bxc4 21.
Nd2 Nxd2 22. fxe3 Nf3+ 0-1

[Event "PRO League Group Stage"]
[Site "chess.com INT"]
[Date "2019.02.13"]
[Round "6"]
[White "Sheng, Joshua"]
[Black "Negi, Parimarjan"]
[Result "1/2-1/2"]
[WhiteTitle "IM"]
[BlackTitle "GM"]
[WhiteElo "2451"]
[BlackElo "2656"]
[WhiteTeam "San Diego Surfers"]
[BlackTeam "San Francisco Mechanics"]
[WhiteFideId "2057360"]
[BlackFideId "5016690"]
[EventDate "2019.01.08"]

1. e4 e5 2. Nf3 Nc6 3. Bc4 Bc5 4. O-O Nf6 5. d3 d6 6. c3 a6 7. a4 h6 8. Nbd2 Ba7
9. Re1 O-O 10. h3 Re8 11. Nf1 Be6 12. a5 Nxe4 13. Rxe4 d5 14. Bxd5 Bxd5 15. Re1
Qf6 16. N1h2 Rad8 17. Qc2 Qg6 18. Be3 e4 19. dxe4 Bxe4 20. Qb3 Bc2 21. Qxb7 Bxe3
22. fxe3 Be4 23. Qxc7 Rd2 24. g4 Rxb2 25. Qf4 Qe6 26. Rad1 Qa2 27. Qg3 Qxa5 28.
Nd2 Qxc3 29. Nxe4 Rxe4 30. Rc1 Rc2 31. Rxc2 Qxc2 32. Nf1 Ne5 33. Ra1 Qc6 34. Qg2
Rc4 35. Qxc6 Rxc6 36. Kf2 Re6 37. Kg3 g6 38. Kf4 Kg7 39. Nd2 Nd3+ 40. Kf3 Rf6+
41. Ke2 Nc5 42. Ra5 Nd7 43. Ne4 Re6 44. Kf3 g5 45. Rd5 Ne5+ 46. Ke2 Nxg4 47.
Nxg5 Rxe3+ 48. Kd2 hxg5 49. Rxg5+ Kf6 50. Rxg4 Rxh3 51. Ra4 Kg5 52. Rxa6 f5 53.
Ke2 Rh2+ 54. Kf1 Kg4 55. Ra3 Rh3 56. Rxh3 Kxh3 57. Kf2 Kg4 58. Kg2 Kf4 59. Kf2
Ke4 60. Ke2 Kf4 61. Kf2 Ke4 62. Ke2 f4 63. Kf2 f3 64. Kf1 Ke3 65. Ke1 f2+ 66.
Kf1 Kf3 1/2-1/2